Les 7 Pères fondateurs des Etats-Unis - Statistiques

Statistiques générales
  • Ce quiz a été pris 33 fois
  • Le résultat moyen est 4 sur 7
Statistiques - réponses
Pères fondateurs % Correct
George Washington
97%
Benjamin Franklin
76%
Thomas Jefferson
72%
John Adams
66%
James Madison
48%
Alexander Hamilton
28%
John Jay
10%
Aucun quiz correspondant
Distribution des résultats
% des personnes avec chaque résultat
Percentile par nombre de réponses
Votre historique - résultats
Vous n’avez pas pris ce quiz